Statistics for 2023-24 NHL STARTING GOALIES

Click here to take the quiz!

General Stats

  • This quiz has been taken 316 times
    (297 since last reset)
  • The average score is 23 of 32

Answer Stats

HintAnswer% Correct
Boston BruinsLinus Ullmark
91%
Tampa Bay LightningAndrei Vasilevskiy
85%
New York RangersIgor Shesterkin
85%
Florida PanthersSergei Bobrovsky
85%
Minnesota WildMarc-Andre Fleury / Filip Gustavsson
84%
Anaheim DucksJohn Gibson
83%
Carolina HurricanesFrederik Andersen
81%
Calgary FlamesJacob Markstrom
81%
Dallas StarsJake Oettinger
81%
Nashville PredatorsJuuse Saros
81%
Edmonton OilersStuart Skinner
79%
Philadelphia FlyersCarter Hart
78%
Winnipeg JetsConnor Hellebuyck
78%
Pittsburgh PenguinsTristan Jarry
76%
Colorado AvalancheAlexandar Georgiev
75%
New York IslandersIlya Sorokin
75%
Vancouver CanucksThatcher Demko
75%
Montreal CanadiensJake Allen / Sam Montembeault
74%
Vegas Golden KnightsAdin Hill
73%
St. Louis BluesJordan Binnington
71%
Toronto Maple LeafsIlya Samsonov
67%
Chicago BlackhawksPetr Mrazek
65%
Seattle KrakenPhilipp Grubauer
65%
Buffalo SabresEric Comrie / Devon Levi
63%
Columbus Blue JacketsElvis Merzlikins
60%
Los Angeles KingsPheonix Copley / Cam Talbot
60%
Washington CapitalsDarcy Kuemper
58%
Detroit Red WingsVille Husso
55%
Ottawa SenatorsJoonas Korpisalo
53%
Arizona CoyotesKarel Vejmelka
50%
New Jersey DevilsVitek Vanecek
44%
San Jose SharksKaapo Kahkonen
38%

Score Distribution

Percentile by Number Answered

Percent of People with Each Score

Your Score History

You have not taken this quiz since the last reset